Ben-Hur (Record no. 1789)

MARC details
000 -LEADER
fixed length control field 00518nam a2200241 a 4500
020 ## - INTERNATIONAL STANDARD BOOK NUMBER
ISBN
082 00 - DEWEY DECIMAL CLASSIFICATION NUMBER
Classification number 244
Author Cutter WAL
100 ## - MAIN ENTRY--AUTHOR NAME
Author name Wallace, Lew
245 ## - TITLE STATEMENT
Title Ben-Hur
260 ## - PUBLICATION, DISTRIBUTION, ETC. (IMPRINT)
Place of publication
Name of publisher
Year of publication 1937
300 ## - PHYSICAL DESCRIPTION
Number of Pages 504p
500 ## - GENERAL NOTE
General note includes index and biblioraphy
505 2# - FORMATTED CONTENTS NOTE
Formatted contents note Turkish
650 ## - SUBJECT ADDED ENTRY--TOPICAL TERM
Topical Term Bible Stories
942 ## - ADDED ENTRY ELEMENTS (KOHA)
Koha item type Books
700 1# -
-- Wallace, Lew
Holdings
Home library Current library Date acquired Cost, normal purchase price Full call number Accession Number Koha item type
Henry Martyn Institute Library Henry Martyn Institute Library 07/05/2007 100.00 244 WAL 2095 Archive Book
                   Copyright © 2026 | Henry Martyn Institute | Hyderabad | TS-500052 | INDIA | Implemented by hmi.edu.in
Hit-Count:

Powered by Koha